Detekcia autorstva na základe textu

Gespeichert in:
Bibliographische Detailangaben
1. Verfasser: Zlacký, Matúš (Verfasst von)
Weitere Verfasser: Kačur, Juraj (Betreuung Doktorarbeit)
Format: Manuskript Buch
Sprache:Slowakisch
Veröffentlicht: Bratislava : STU v Bratislave FEI, 2024
Schlagworte:
Online-Zugang:https://opac.crzp.sk/?fn=detailBiblioFormChildIVBSP&sid=9A7D98113A4E7D6F09AA73A0EB46&seo=CRZP-detail-kniha
Tags: Tag hinzufügen
Keine Tags, Fügen Sie das erste Tag hinzu!

MARC

LEADER 00000ntm a22000003a 4500
001 stuzp96690
003 SK-STU
005 20250430121106.0
007 ta
008 150427s2015----xo-----f-mn---000-0-slo-d
040 |a STU  |b slo 
041 0 |a slo 
044 |a xo 
100 1 |a Zlacký, Matúš  |u 037000  |4 aut  |U FEI Fakulta elektrotechniky a informatiky  |T FEI Ústav multimediálnych informačných a komunikačných technológií  |X 104635  |U E070  |Y 818  |7 104635 
242 0 1 |a Authorship detection based on text  |y eng 
245 1 0 |a Detekcia autorstva na základe textu 
260 |a Bratislava :  |b STU v Bratislave FEI,  |c 2024 
300 |a 83 s. 
650 4 |a Spracovanie prirodzeného jazyka  |2 slo 
650 4 |a predspracovanie textu  |2 slo 
650 4 |a konvolučné neurónové siete  |2 slo 
650 4 |a Word2vec  |2 slo 
650 4 |a Natural language processing  |2 eng 
650 4 |a Word2vec  |2 eng 
650 4 |a text preprocessing  |2 eng 
650 4 |a Convolutional Neural Networks  |2 eng 
700 1 |a Kačur, Juraj  |u 037000  |k Z1  |4 ths  |U FEI Fakulta elektrotechniky a informatiky  |T FEI Ústav multimediálnych informačných a komunikačných technológií  |X 1861  |U E070  |Y 818  |7 A000001861 
856 4 |u https://opac.crzp.sk/?fn=detailBiblioFormChildIVBSP&sid=9A7D98113A4E7D6F09AA73A0EB46&seo=CRZP-detail-kniha